| 000 | 00675nam a2200217 u 4500 | ||
|---|---|---|---|
| 005 | 20230623063614.0 | ||
| 008 | 170508s2014 r 000 0 eng d | ||
| 020 | _a9786078351077 (CIDCLI) | ||
| 020 | _a9786075168630 (CONACULTA) | ||
| 035 | _aUPN01000217550 | ||
| 049 | _aI | ||
| 050 | 4 |
_aPZ73 _bA7.7 |
|
| 100 | 1 |
_aArmida Chabaud, María del Pilar, _d1977- _940403 |
|
| 245 | 1 | 0 |
_aSopa de muñecas / _cPilar Armida ; il. Diego Alvarez. |
| 260 |
_aMéxico : _bCIDCLI : _bCONACULTA, _c2014. |
||
| 300 |
_a[24] p. : _bprincipalmente il. col. |
||
| 650 | 4 |
_aCuentos infantiles mexicanos _97723 |
|
| 700 | 1 |
_aAlvarez, Diego, _eil. |
|
| 905 | _aInfantil | ||
| 999 |
_c189650 _d189650 |
||